| 000 | 00485nam a2200157 4500 | ||
|---|---|---|---|
| 020 | _a0 253 32934 5 | ||
| 082 |
_a398.01 _bGEO |
||
| 100 | _aGeorges, Robert A. | ||
| 245 |
_aFolkloristics : an introduction _cby Robert A. Georges and Michael Owen Jones |
||
| 260 |
_aBloomington _bIndiana University Press _cc1995 |
||
| 300 |
_aix,336p.: ill.; _c23cm. |
||
| 500 | _aincludes index | ||
| 650 | _aFolklore--Methodology | ||
| 650 | _aFolklore--Philosophy | ||
| 700 | _aJones, Michael Owen | ||
| 999 |
_c75554 _d75554 |
||